| 000 | 00499cam a22001812 4500 | ||
|---|---|---|---|
| 001 | 0000002772 | ||
| 005 | 20151217155817.0 | ||
| 008 | 070419s xx 000 0 eng d | ||
| 040 |
_aKABU _cKABU |
||
| 050 | 0 |
_aPR9381.9 _b.O36L36 1988 |
|
| 100 | 1 |
_aOgot, Grace. _@0000152124 |
|
| 245 | 1 | 0 | _aLand without thunder and other stories. |
| 260 |
_aNairobi : _bEAEP, _c1988. |
||
| 300 | _a164 p. | ||
| 908 | _a070419 | ||
| 950 | _@1 | ||
| 999 |
_c12744 _d12744 |
||